000 00334nab a22001097u 4500
008 130520b1988 xxu||||| |||| 00| 0 spa d
041 _aspa
100 1 _aAdedeji, A.
_967436
245 0 0 _aPosibilidades de un futuro humano en un mundo dividido
_cA. Adedeji
773 0 _tConcilium
_gV.2,1988,págs.15-29
_x0210-1041
_wRev134
942 _cAR
999 _c355395
_d355395